Topics in Organic Mass Spectrometry/ (Record no. 2328)
[ view plain ]
| 000 -LEADER | |
|---|---|
| fixed length control field | 00374nam a22001337a 4500 |
| 020 ## - ISBN | |
| International Standard Book Number | 471124151 |
| 050 ## - LIBRARY OF CONGRESS CALL NUMBER | |
| Classification Number | QC450 |
| Item Number | .T67 |
| 245 ## - TITLE | |
| Title | Topics in Organic Mass Spectrometry/ |
| Statement of responsibility, etc | Edited by A.L. Burlingame |
| 260 ## - PUBLICATION, DISTRIBUTION, ETC.(IMPRINT) | |
| Place of publication, distribution, etc | New York |
| Name of publisher, distributor, etc | John Wiley and Sons, Inc. |
| Date of publication, distribution, etc | 1970 |
| 300 ## - PHYSICAL DESCRIPTION | |
| Extent | xi, 471p. |
| 500 ## - GENERALNOTE | |
| General note | Includes Index |
| 650 ## - SUBJECT--TOPIC | |
| Topical term following geographic name as entry element | Topics in Organic Mass Spectrometry |
| 942 ## - ADDED ENTRY ELEMENTS(KOHA) | |
| Koha item type | General circulation |
| Source of classification or shelving scheme | Not for loan | Location (home branch) | Sublocation (holding branch) | Date accessioned | Cost, normal purchase price | Full call number | Barcode | Cost, replacement price | Nonpublic note | Koha item type | Public note |
|---|---|---|---|---|---|---|---|---|---|---|---|
| Library of Congress Classification | Main Campus Library | Main Campus Library | 28/08/2014 | 2583.90 | QC450 .T67 | 2019/021943 | 3083.00 | BONNIE | General circulation | BONNIE |